تحميل...

Practicing Sociology Selected Fields

التفاصيل البيبلوغرافية
المؤلف الرئيسي: Dentler, Robert A
التنسيق: Printed Book
اللغة:Undetermined
منشور في: Rawat Publications, 2012
الموضوعات:
LEADER 00469nam a2200145Ia 4500
008 200324s9999 xx 000 0 und d
082 |a 301  |b DEN-P 
100 |a Dentler, Robert A 
245 0 |a Practicing Sociology Selected Fields 
260 |b Rawat Publications,  |c 2012 
300 |a 182p. 
650 |a Sociology 
942 |c BK 
999 |c 285492  |d 285492 
952 |0 0  |1 0  |4 0  |6 301_000000000000000_DENP  |7 0  |9 304033  |a SDE  |b SDE  |d 2014-08-13  |l 0  |o 301 DEN-P  |p SDE21160  |r 2020-03-27  |w 2020-03-27  |y BK